000 01012nas a2200349 4500
001 BR0302619
003 BR-BrBNA
005 20231205103814.0
007 ta
008 230509b bl.|||p| |||| 00| 00por d
040 _aBR-BrBNA
_bpor
_cBiblioteca Nacional de Agricultura
041 _a(Pt)
072 _aL74
100 1 _aTraverso, S.D.
100 1 _aCorrêa, A.M.R.
100 1 _aPescador, C.A.
100 1 _aColodel, E.M.
100 1 _aCruz, C.E.F. da
100 1 _aDriemeier, D.
245 1 _aIntoxicação experimental por Trema micrantha (Ulmaceae)em caprinos
650 _aCAPRINO
650 _aCRINDIUVA
650 _aPLANTA TÓXICA
650 _aINTOXICAÇÃO
650 _aVETERINÁRIA
650 _aMORTALIDADE ANIMAL
650 _aANÁLISE DE LABORATÓRIO
650 _aAUTÓPSIA
773 0 _tPesquisa Veterinária Brasileira (Brazil)
_xISSN 0100-736X
_g(Oct-dec 2002), v. 22(4) p. 141-147
_wBR0302619
909 _a202311
_bLúcia
_c55
_dLúcia Elande
942 _2AGRIS
_n0
_cANA
999 _c174824
_d174824